| 000 | 00534nam a2200181Ia 4500 | ||
|---|---|---|---|
| 001 | 8915 | ||
| 005 | 20260306160645.0 | ||
| 008 | 260306t2008||||xx |||||||||||||| ||spa|| | ||
| 041 | _aESP | ||
| 082 |
_a371.9046 _bN25 |
||
| 100 |
_aNarvarte, Mariana E. _eAUT |
||
| 245 | 0 |
_aSoluciones pedagógicas para la integración escolar y permanencia: _bproyecto de educación y lineamiento para la adaptación curricular |
|
| 260 | _c2008 | ||
| 300 |
_a448 páginas : _c27 cm. |
||
| 650 | _aGEN | ||
| 654 | _aCED | ||
| 942 |
_cLIB _dJUS _fJUS _2ddc _n |
||
| 999 |
_c8915 _d8915 |
||